Catálogo - Centro de Recursos para el Aprendizaje y la Investigación
Volver al Sitio - CRAI Biblioteca| 000 -CABECERA | |
|---|---|
| campo de control de longitud fija | 01535nam a22002297a 4500 |
| 001 - NÚMERO DE CONTROL | |
| campo de control | 114691 |
| 003 - IDENTIFICADOR DEL NÚMERO DE CONTROL | |
| campo de control | DR-UNIBE |
| 005 - FECHA Y HORA DE LA ÚLTIMA TRANSACCIÓN | |
| campo de control | 20260528090100.0 |
| 008 - DATOS DE LONGITUD FIJA--INFORMACIÓN GENERAL | |
| campo de control de longitud fija | 260527b |||||||| |||| 00| 0 spa d |
| 040 ## - FUENTE DE LA CATALOGACIÓN | |
| Centro catalogador/agencia de origen | BIBLIOTECA UNIBE |
| Centro/agencia transcriptor | BIBLIOTECA UNIBE |
| Normas de descripción | rda |
| 041 ## - CÓDIGO DE LENGUA | |
| Código de lengua del texto/banda sonora o título independiente | spa |
| 082 ## - NÚMERO DE LA CLASIFICACIÓN DECIMAL DEWEY | |
| Número de clasificación | 341.24 S161m |
| 100 ## - ENTRADA PRINCIPAL--NOMBRE DE PERSONA | |
| 9 (RLIN) | 205641 |
| Nombre de persona | Salazar Grande, César Ernesto |
| Término indicativo de función/relación | autor |
| 245 10 - MENCIÓN DE TÍTULO | |
| Título | Manual de derecho comunitario centroamericano / |
| Mención de responsabilidad, etc. | César Ernesto Salazar Grande, Enrique Napoleón Ulate Chacón |
| 260 ## - PUBLICACIÓN, DISTRIBUCIÓN, ETC. | |
| Lugar de publicación, distribución, etc. | Managua : |
| Nombre del editor, distribuidor, etc. | Corte Centroamericana de Justicia, |
| Fecha de publicación, distribución, etc. | 2009 |
| 520 #3 - SUMARIO, ETC. | |
| Sumario, etc. | La Corte Centroamericana de Justicia que representa la conciencia nacional de Centroamérica y se considera, además, depositaria y custodia de los valores que constituyen la nacionalidad centroamericana, tiene dentro de sus competencias la de promover estudios comparados relacionados con el Derecho comunitario y su aplicación jurisdiccional. El propósito fundamental de esta publicación, por parte de la Corte, es darle continuidad y contribuir al proceso de la formación de los jueces nacionales en las tres áreas fundamentales: El Sistema Institucional del SICA, el ordenamiento Jurídico comunitario y el sistema jurisdiccional o Derecho procesal comunitario |
| 650 #7 - PUNTO DE ACCESO ADICIONAL DE MATERIA--TÉRMINO DE MATERIA | |
| Fuente del encabezamiento o término | lemb |
| Término de materia o nombre geográfico como elemento de entrada | Derecho comunitario |
| Subdivisión geográfica | América Central |
| 9 (RLIN) | 205671 |
| 650 #7 - PUNTO DE ACCESO ADICIONAL DE MATERIA--TÉRMINO DE MATERIA | |
| Fuente del encabezamiento o término | lemb |
| Término de materia o nombre geográfico como elemento de entrada | Derecho internacional |
| Subdivisión geográfica | América Central |
| 9 (RLIN) | 205672 |
| 650 #7 - PUNTO DE ACCESO ADICIONAL DE MATERIA--TÉRMINO DE MATERIA | |
| Fuente del encabezamiento o término | lemb |
| Término de materia o nombre geográfico como elemento de entrada | Tribunales internacionales |
| Subdivisión geográfica | América Central |
| 9 (RLIN) | 205673 |
| 700 ## - PUNTO DE ACCESO ADICIONAL--NOMBRE DE PERSONA | |
| Nombre de persona | Ulate Chacón, Enrique Napoleón |
| 9 (RLIN) | 205642 |
| Término indicativo de función/relación | autor |
| 942 ## - ELEMENTOS DE PUNTO DE ACCESO ADICIONAL (KOHA) | |
| Fuente del sistema de clasificación o colocación | Sistema de Clasificación Decimal Dewey |
| Tipo de ítem Koha | Libro (general) |
| Estado de retiro | Estado de pérdida | Fuente del sistema de clasificación o colocación | No para préstamo | Código de colección | Localización permanente | Fecha de adquisición | Total de préstamos | Signatura topográfica completa | Código de barras | Fecha visto por última vez | Número de copia | Precio válido a partir de | Tipo de ítem Koha |
|---|---|---|---|---|---|---|---|---|---|---|---|---|---|
| Disponible | Sistema de Clasificación Decimal Dewey | General | Biblioteca Central UNIBE | 02/02/2026 | 341.24 S161m | 260303 | 28/05/2026 | Ej. 1 | 28/05/2026 | Libro (general) |